000 00242nam a22001097a 4500
082 _a624.171BRU
100 _aBrush Don O
245 _aBuckling of bars plates and shells
260 _aLondon
_bMcGrwa Hill
_c1975
300 _a379
942 _cBK
999 _c12403
_d12403